Regierungsbezirk Allenstein
| Titel: | Regierungsbezirk Allenstein / von Hans Christoph Surkau |
|---|---|
| Verfasser: | |
| Veröffentlicht: | Hamburg : Selbstverlag des Vereins, 2020 |
| Umfang: | VIII, 1157-1322, [20] Seiten |
| Format: | Buch |
| Sprache: | Deutsch |
| Schriftenreihe/ mehrbändiges Werk: |
Die Absolventen der höheren Schulen Ost- und Westpreußens 1825 - 1915 ; Teil III alle Bände anzeigen
Quellen, Materialien und Sammlungen zur altpreußischen Familienforschung ; Nr. 23,5 |
| ISBN: | 9783931577841 |
| Hinweise zum Inhalt: |
Inhaltsverzeichnis
|
alg: 46971587 001A $03004:22-09-20 001B $01999:12-11-20 $t11:35:06.000 001D $03004:22-09-20 001U $0utf8 001X $00 002@ $0AFu 002C $aText $btxt $2rdacontent 002D $aohne Hilfsmittel zu benutzen $bn $2rdamedia 002E $aBand $bnc $2rdacarrier 003@ $0469715871 003O $01196403365 $aOCoLC 004A $A978-3-931577-84-1 007A $0BV046906824 $aBVB 007G $0DE02003FF7170F10E9EFEC125861E00362CBD 009P $qapplication/pdf $A2 $3Inhaltsverzeichnis $uhttp://scans.hebis.de/HEBCGI/show.pl?46971587_toc.pdf $mV:DE-603;B:DE-Mb50 010@ $ager 010E $erda 011@ $a2020 $n2020 013D $RFührer $#Directories $#Répertoires $#Repertorium Verzeichnis $74188171-0 $8Verzeichnis [Ts1] $9085925047 $y1825-1915 $zAllenstein 021A $aRegierungsbezirk Allenstein $hvon Hans Christoph Surkau 028A $BVerfasser $4aut $8Surkau, Hans-Christoph [Tp3] $9458298948 033A $pHamburg $nSelbstverlag des Vereins 034D $aVIII, 1157-1322, [20] Seiten 036C $aDie @Absolventen der höheren Schulen Ost- und Westpreußens 1825 - 1915 $x13 $lTeil III 036D $x13 $8Die @Absolventen der höheren Schulen Ost- und Westpreußens 1825 - 1915 $9386969841 036E $aQuellen, Materialien und Sammlungen zur altpreußischen Familienforschung $lNr. 23,5 044K $#Ostpreußen $#Ostpreußen $#Provinz Ostpreußen $74075754-7 $8Ostpreußen [Tg1] $9085214493 044K $RBildungseinrichtung $#Schools $#Écoles $#Schulwesen $#Schulform $#Schulart $#Schulsystem $#Schulen $74053474-1 $8Schule [Ts1] $9085148385 044K $RAllenstein $#Olsztyn (Woiwodschaft) $#Allenstein $#Allenstein Olsztyn $#Ol'štyn $71008435-6 $8Olsztyn [Tg1] $9041913086 044K $RSchüler $#High school graduates $#Diplômés de l'enseignement secondaire $#Diplomati $#Schulabgänger $#Schulabsolvent $#Absolvent Schule $74125976-2 $8Schulabgänger [Ts1] $9085426849 044K $RHistorische Hilfswissenschaften $RAbstammung $RLineage $RGenealoge $#Genealogy $#Généalogie $#Genealogie $#Ahnenforschung $#Ahnenkunde $#Familienforschung Genealogie $#Familiengeschichte Genealogie $#Familienkunde $#Historische Familienforschung $#Sippenkunde $#Abstammung Genealogie $#Herkunft Genealogie $74020097-8 $8Genealogie [Ts1] $9085048054 045F $a370.94383209034 $eDDC23BSB 045F/01 $a370.9 045F/03 $f09034 045F/03 $f09041 045F/03 $g43832 045R $aSozialgeschichte 1825-1915 045T $aHIST $qDE-12 $2FID lok: 46971587 11 exp: 46971587 11 1 #EPN 201B/01 $010-11-20 $t11:34:02.000 201C/01 $010-11-20 201U/01 $0utf8 203@/01 $01129161145 208@/01 $a10-11-20 $bz 209A/01 $a60 20 A 2904 $du $f100 $x00 209B/01 $a020/2011 $x05 209G/01 $a84310743 $x00 247C/01 $8620100-3 <43>Wiesbaden, Hochschul- und Landesbibliothek RheinMain, Rheinstraße $9102599572 lok: 46971587 24 exp: 46971587 24 1 #EPN 201B/01 $004-11-20 $t07:39:51.000 201C/01 $022-09-20 201U/01 $0utf8 203@/01 $01123624151 208@/01 $a04-11-20 $bz 209A/01 $a20.03621 $du $f050 $h20 03621 $x00 209C/01 $a20.03621 G $h20 03621 G 209G/01 $a74191053 $x00 220C/01 $ahae 247C/01 $8358050-7Marburg, Bibliothek des Herder-Instituts Marburg $9102600961 lok: 46971587 78 exp: 46971587 78 1 #EPN 201B/01 $029-04-21 $t12:12:02.000 201C/01 $029-04-21 201U/01 $0utf8 203@/01 $01150703865 208@/01 $a29-04-21 $be 209A/01 $a/ $f000 $x00 209A/01 $ab*p $x01 220C/01 $apgar 244Z/01 $#Preußen $#Preußen $#Brandenburg-Preußen $#Königreich Preußen $#Preußische Staaten $#Preußischer Staat $#Der @Preußische Staat $#Königlich Preußische Staaten $#Prusy Królewskie $#Königlich Preußen $#Prussia $74047194-9 $8--Tg1--Preußen $x01 $9085131652 244Z/01 $#Generalgouvernement Polen $#Polska $#Rzeczpospolita Polska $#Polska Rzeczpospolita Ludowa $#Poland $#Pologne $#République Polonaise $#Generalne Gubernatorstwo w Polsce $#Polish People's Republic $#Polska Rzeczpospolita Polen $#PRL $#RP $#Polen Generalgouvernement $#Polska Generalgouvernement $#Besetzte Polnische Gebiete $#Besetztes Gebiet in Polen $#Okupowane Polskie Obszary $#Obszary Okupowane w Polsce $#Volksrepublik Polen $#Polska Rosyjska $#Republic Polen $#Respublika Pol'ša $#Pol'skaja Narodnaja Respublika $#République de Pologne $#Polen Links der Weichsel $#Polska po Lewej Stronie Wisły $#Lenkija $#Polija $#Gubernija Carstva Pol'skago $#Republik Polen $74046496-9 $8--Tg1--Polen $x02 $9085129801 247C/01 $82080>Marburg/Lahn, Herder-Institut, Forschungsbibliothek, Bibliographieportal $9336309341
| LEADER | 00000cam a2200000 cb4500 | ||
|---|---|---|---|
| 001 | 469715871 | ||
| 003 | DE-603 | ||
| 005 | 20201112113506.0 | ||
| 007 | tu | ||
| 008 | 200922s2020 xx |||| | u00||u|ger c | ||
| 020 | |a 9783931577841 | ||
| 035 | |a (DE-599)BVBBV046906824 | ||
| 035 | |a (OCoLC)1196403365 | ||
| 040 | |a DE-603 |b ger |c DE-603 |d DE-603 |e rda | ||
| 041 | |a ger | ||
| 082 | 0 | 4 | |8 1\u |a 370.94383209034 |q DE-101 |2 23/BSB |
| 084 | |a HIST |q DE-12 |2 fid | ||
| 085 | |8 1\u |b 370.9 | ||
| 085 | |8 1\u |z 1 |s 09034 | ||
| 085 | |8 1\u |z 1 |s 09041 | ||
| 085 | |8 1\u |z 2 |s 43832 | ||
| 100 | 1 | |a Surkau, Hans-Christoph |e Verfasser |4 aut |0 (DE-603)458298948 |0 (DE-588)1203888309 |2 gnd | |
| 245 | 0 | 0 | |a Regierungsbezirk Allenstein |c von Hans Christoph Surkau |
| 264 | 1 | |a Hamburg |b Selbstverlag des Vereins |c 2020 | |
| 300 | |a VIII, 1157-1322, [20] Seiten | ||
| 336 | |a Text |b txt |2 rdacontent | ||
| 337 | |a ohne Hilfsmittel zu benutzen |b n |2 rdamedia | ||
| 338 | |a Band |b nc |2 rdacarrier | ||
| 490 | 0 | |a Quellen, Materialien und Sammlungen zur altpreußischen Familienforschung |v Nr. 23,5 | |
| 490 | 1 | |a Die Absolventen der höheren Schulen Ost- und Westpreußens 1825 - 1915 |v Teil III | |
| 648 | 7 | |a Sozialgeschichte 1825-1915 |2 gnd | |
| 650 | 7 | |a Schule |0 (DE-588)4053474-1 |0 (DE-603)085148385 |2 gnd | |
| 650 | 7 | |a Schulabgänger |0 (DE-588)4125976-2 |0 (DE-603)085426849 |2 gnd | |
| 650 | 7 | |a Genealogie |0 (DE-588)4020097-8 |0 (DE-603)085048054 |2 gnd | |
| 651 | 7 | |a Ostpreußen |0 (DE-588)4075754-7 |0 (DE-603)085214493 |2 gnd | |
| 651 | 7 | |a Olsztyn |0 (DE-588)1008435-6 |0 (DE-603)041913086 |2 gnd | |
| 655 | 7 | |a Verzeichnis |y 1825-1915 |z Allenstein |2 gnd-content |0 (DE-588)4188171-0 |0 (DE-603)085925047 | |
| 800 | 1 | |a Surkau, Hans-Christoph |t Die Absolventen der höheren Schulen Ost- und Westpreußens 1825 - 1915 |v Teil III |w (DE-603)386969841 |9 13 |7 am | |
| 856 | 4 | 2 | |m V:DE-603;B:DE-Mb50 |q application/pdf |u http://scans.hebis.de/HEBCGI/show.pl?46971587_toc.pdf |3 Inhaltsverzeichnis |
| 924 | 0 | |9 43 |a (DE-603)1129161145 |b DE-43 |c HES |d c |g 60 20 A 2904 | |
| 924 | 0 | |9 Mb 50 |a (DE-603)1123624151 |b DE-Mb50 |c HES |d c |g 20.03621 | |
| 924 | 0 | |9 2080 |a (DE-603)1150703865 |b DE-2080 |c HES |d d |g / | |
alle Bände anzeigen

